000 00580nam a22002057a 4500
003 OSt
005 20140310182831.0
008 130603t xxu||||| |||| 00| 0 eng d
020 _a9780273751007
050 _aBF 637
_b.T284 2011
082 _aM 158.2
_bT284 2011
245 _aHow to get what you want without having to ask
_cTemplar, Richard
260 _aHarlow, England
_aNew York
_bPrentice Hall Life/Pearson
_cc2011
300 _aviii, 211 p.
_c20 cm.
521 _aCollege students
526 _c1210L-1700L
541 _j1
562 _e1
942 _2lcc
_cBK
_kM
999 _c16628
_d16628